000
00300nam a22001337a 4500
008
170804b xxu||||| |||| 00| 0 eng d
020
_a
9780072263466
041
_a
eng
080
_a
004
100
_a
33
101
_a
SHKI
245
_a
MICROSOFT OFFICE ACCESS 2007
_c
ANDERSON, V
942
_2
udc
_c
BK
999
_c
22733
_d
22733